000 00660nam a22002297a 4500
005 20251108164830.0
008 250721s1991 xx 000 0 ara d
020 _a272141013X
082 1 4 _aط/928.11/مطر
100 1 _aمطر، سهيل
_eمؤلف
245 1 0 _aالأخطل الصغير /
264 1 _aبيروت :
_bدار المشرق،
_c1991.
300 _a140ص.
490 0 _aشعراء لبنان
_vج4.
650 1 7 _aلبنان
650 1 7 _aالشعراا العرب
650 1 7 _aالعصر الحديث
650 1 7 _aالشعر العربي
653 _aناشاون كبار (15-18) سنه
942 _2ddc
_cBK
999 _c15419
_d15419